|
|
|
|
| LEADER |
00000nas a2200000 a 4500 |
| 001 |
ssj0006494 |
| 003 |
WaSeSS |
| 005 |
20200512172242.0 |
| 006 |
m d |
| 007 |
cr n |
| 008 |
000203c19919999gw qr pss 0 0eng c |
| 010 |
|
|
|a 2004233395
|
| 015 |
|
|
|a GBB350387
|2 bnb
|
| 016 |
7 |
|
|a 013093921
|2 Uk
|
| 022 |
|
|
|a 1435-5957
|l 1056-8190
|y 1056-8190
|
| 035 |
|
|
|a (WaSeSS)ssj0006494
|
| 037 |
|
|
|b Regional Science Association International, Room 1, Observatory, 901 S. Matthews, University of Illinois, Urbana, IL 61801-3682
|
| 040 |
|
|
|a AAA
|b eng
|c AAA
|d OCL
|d OCLCQ
|d GUA
|d OCLCQ
|d CGU
|d TWT
|d HUA
|d OCLCQ
|d OCL
|d OCLCQ
|d OCLCF
|d OCLCQ
|d WT2
|d OCLCQ
|d NLE
|d CEF
|d AU@
|d UKMGB
|d VT2
|d NJT
|d OCLCQ
|d SFB
|d WaSeSS
|
| 042 |
|
|
|a pcc
|
| 050 |
1 |
4 |
|a HT390
|
| 082 |
0 |
4 |
|a 301.36
|b R33 S51 P21
|
| 130 |
0 |
|
|a Papers in regional science (Online)
|
| 245 |
1 |
0 |
|a Papers in regional science
|h [electronic resource].
|
| 246 |
1 |
3 |
|a Regional science
|
| 246 |
1 |
7 |
|a Papers reg. sci
|
| 260 |
|
|
|a Heidelberg :
|b Springer-Verlag Heidelberg
|
| 310 |
|
|
|a Quarterly
|
| 362 |
1 |
|
|a Print began with v. 70, no. 1 (Jan. 1991).
|
| 506 |
|
|
|a License restrictions may limit access.
|
| 538 |
|
|
|a Mode of access: World Wide Web.
|
| 550 |
|
|
|a Official journal of the Regional Science Association International.
|
| 588 |
0 |
|
|a Vol. 78, no. 1 (Jan. 1999); title from contents screen (Springer LINK, viewed Mar. 11, 2004).
|
| 588 |
1 |
|
|a Vol. 83, no. 1 (Oct. 2003), viewed Mar. 11, 2004.
|
| 650 |
|
0 |
|a Regional planning
|v Periodicals.
|
| 650 |
|
0 |
|a City planning
|v Periodicals.
|
| 650 |
|
7 |
|a City planning.
|2 fast
|0 (OCoLC)fst00862177
|
| 650 |
|
7 |
|a Regional planning.
|2 fast
|0 (OCoLC)fst01093120
|
| 655 |
|
0 |
|a Electronic journals.
|
| 710 |
2 |
|
|a Regional Science Association International.
|
| 776 |
0 |
8 |
|i Print version:
|t Papers in regional science
|x 1056-8190
|w (DLC) 93657693
|w (OCoLC)23721873
|
| 856 |
4 |
0 |
|z Full text available from Research Library: 07/01/2001 to 10/31/2004
|u https://search.proquest.com/publication/43680
|